000 00326pab a2200133 454500
008 180718b1986 xxu||||| |||| 00| 0 eng d
100 _aKapoor, B.M.
245 _aManaging the human resource - a practical approach
260 _c1986
300 _a21-4
650 _aManpower
773 _aManagement Review
909 _a13184
999 _c13184
_d13184